VLSI design techniques for analog and digital circuits (Record no. 5609)

MARC details
000 -LEADER
fixed length control field 00530nam a2200181Ia 4500
003 - CONTROL NUMBER IDENTIFIER
control field SGT
020 ## - INTERNATIONAL STANDARD BOOK NUMBER
International Standard Book Number 9780070702486
082 ## - DEWEY DECIMAL CLASSIFICATION NUMBER
Classification number 621.38173
Item number GER
100 ## - MAIN ENTRY--PERSONAL NAME
Personal name Gehlot Virendra
245 ## - TITLE STATEMENT
Title VLSI design techniques for analog and digital circuits
260 ## - PUBLICATION, DISTRIBUTION, ETC. (IMPRINT)
Name of publisher, distributor, etc Tata McGraw Hill Education Private Limited
Place of publication, distribution, etc New Delhi
Year of Publication 2010
300 ## - PAGE DESCRIPTION
No. of Pages 969p.
650 ## - SUBJECT ADDED ENTRY--TOPICAL TERM
Topical term or geographic name as entry element ELECTRONICS ENGINEERING
653 ## - KEYWORDS--INDEX TERM
Keyword term PRACTICAL CONSIDERATIONS, TECHNOLOGY, DEVICE MODELING
700 ## - ADDED ENTRY--PERSONAL NAME
Personal name Allen,philip E
700 ## - ADDED ENTRY--PERSONAL NAME
Personal name Strader,Noel R
942 ## - ADDED ENTRY ELEMENTS (KOHA)
Source of classification or shelving scheme Dewey Decimal Classification
Koha item type Books
Holdings
Withdrawn status Lost status Source of classification or shelving scheme Damaged status Use restrictions Not for loan Collection code Home library Current library Shelving location Date acquired SGTU Full call number Accession No. (Barcode) Date last seen Bill Date Koha item type Total Checkouts Date last borrowed
    Dewey Decimal Classification   Restricted Access Not For Loan ENGINEERING SGT Engineering Library SGT Engineering Library Reference Book 31/05/2013 SGTU 621.38173 GER FE6127 09/02/2015 09/02/2015 Books    
    Dewey Decimal Classification         SGT Engineering Library SGT Engineering Library   31/05/2013 SGTU 621.38173 GER FE6128 12/02/2019 09/02/2015 Books 1 21/01/2019
    Dewey Decimal Classification         SGT Engineering Library SGT Engineering Library   31/05/2013 SGTU 621.38173 GER FE6129 12/02/2019 09/02/2015 Books 2 12/02/2019
    Dewey Decimal Classification         SGT Engineering Library SGT Engineering Library   31/05/2013 SGTU 621.38173 GER FE6130 31/12/2020 09/02/2015 Books 4 26/09/2020
    Dewey Decimal Classification         SGT Engineering Library SGT Engineering Library   31/05/2013 SGTU 621.38173 GER FE6131 15/04/2020 09/02/2015 Books 1 15/04/2020